|
|
|
|
| LEADER |
01334nam a2200313 a 4500 |
| 001 |
26880 |
| 003 |
BD-DhAAL |
| 008 |
130411s1995 nyu b 001 0 eng d |
| 999 |
|
|
|c 13299
|d 13299
|
| 010 |
|
|
|a 95019320
|
| 020 |
|
|
|a 0029109760
|
| 020 |
|
|
|a 0684825252
|
| 040 |
|
|
|a DLC
|c DLC
|d DLC
|d BD-DhAAL
|
| 082 |
0 |
0 |
|a 306.3
|2 20
|
| 100 |
1 |
|
|a Fukuyama, Francis.
|9 46836
|
| 245 |
1 |
0 |
|a Trust :
|b the social virtues and the creation of prosperity /
|c Francis Fukuyama.
|
| 246 |
3 |
0 |
|a Social virtues and the creation of prosperity
|
| 260 |
|
|
|a New York :
|b Free Press,
|c c1995.
|
| 300 |
|
|
|a xv, 457 pages ;
|c 25 cm.
|
| 504 |
|
|
|a Includes bibliographical references (pages 421-441) and index.
|
| 541 |
|
|
|a Donated By Akbar Ali Khan
|e 26880, 38086
|
| 650 |
|
0 |
|a Economics
|x Moral and ethical aspects.
|9 46837
|
| 650 |
|
0 |
|a Trust.
|9 46838
|
| 650 |
|
0 |
|a Virtue.
|9 46839
|
| 650 |
|
0 |
|a Economic history
|y 1945-
|9 46840
|
| 852 |
1 |
|
|a Ayesha Abed Library
|c General Stacks
|
| 942 |
|
|
|2 ddc
|c BK
|
| 952 |
|
|
|0 0
|1 0
|2 ddc
|4 0
|6 306_300000000000000_FUK
|7 0
|9 22183
|a IGS
|b IGS
|c GEN
|d 2013-04-11
|e Trim Education
|g 2450.00
|l 1
|m 2
|o 306.3 FUK
|p 3010026880
|r 2014-06-10
|s 2013-05-07
|t 1
|w 2013-04-11
|y BK
|
| 952 |
|
|
|0 0
|1 0
|2 ddc
|4 0
|6 306_300000000000000_FUK
|7 1
|9 70105
|a BRACUL
|b BRACUL
|c AAKC
|d 2022-03-13
|e Donated by Akbar Ali Khan
|l 0
|o 306.3 FUK
|p 3010038086
|r 2022-03-13
|t 2
|w 2022-03-13
|y BK
|